| 000 | 00691nam a2200205 i 4500 | ||
|---|---|---|---|
| 001 | 185913 | ||
| 003 | ES-MaACL | ||
| 005 | 20231221192205.0 | ||
| 008 | 160822s1926 sp |||| | spa d | ||
| 080 | _a821.134.2-13"11" | ||
| 130 | 0 |
_aPoema del Cid. _9123904 |
|
| 245 | 1 | 0 |
_aPoema del Mio Cid / _cpuesto en romance vulgar y lenguaje moderno por Pedro Salinas. |
| 260 |
_aMadrid : _bRevista de Occidente, _c1926. |
||
| 300 |
_a182 p. ; _c18 cm. |
||
| 490 | 1 |
_aMusas lejanas. Mitos, cuentos, leyendas ; _v8 |
|
| 700 | 1 |
_aSalinas, Pedro, _d1891-1951 _9101942 |
|
| 830 | 1 |
_aMusas lejanas. Mitos, cuentos, leyendas ; _v8 _9192435 |
|
| 852 |
_aES-MaACL _jC-13756 |
||
| 999 |
_c185913 _d185913 |
||